| 000 | 00408ntaaa2200157 4500 | ||
|---|---|---|---|
| 003 | 01 | ||
| 005 | 20251027202004.0 | ||
| 008 | 0714s1973 ag 01 | ||
| 040 |
_aAR-BaBN _bspa _cAR-BaBN _eaacr _dRIC |
||
| 082 | _a261.0000 C951 | ||
| 100 |
_aCrossland, Weldon _918219 |
||
| 245 | _aA planned program for the church year | ||
| 250 |
_a1 ed. : _bs.l., _cn.f. |
||
| 650 |
_aIglesia-Obras de la _916147 |
||
| 942 | _cBK | ||
| 999 |
_c14641 _d14641 |
||